The pale horse (Record no. 36131)

MARC details
000 -LEADER
fixed length control field 00350nam a2200157Ia 4500
020 ## - INTERNATIONAL STANDARD BOOK NUMBER
ISBN 671- 78481- 1
050 ## - CALL MARK
Classification number PR6005.H66P28
100 ## - STATEMENT OF RESPONSIBILITY--MAIN AUTHOR NAME
Personal name Agatha Christie
245 #4 - TITLE STATEMENT
Title The pale horse
260 ## - PUBLICATION, DISTRIBUTION, ETC. (IMPRINT)
Name of publisher Pocket book
260 ## - PUBLICATION, DISTRIBUTION, ETC. (IMPRINT)
Year of publication 1961
300 ## - PHYSICAL DESCRIPTION
Number of Pages 210 p
942 ## - ADDED ENTRY ELEMENTS (KOHA)
Koha item type Books
Holdings
Withdrawn status Lost status Source of classification or shelving scheme Damaged status Not for loan Permanent Location Current Location Date acquired Accession Number Price effective from Koha item type
    Library of Congress Classification     NILE UNIVERSITY OF NIGERIA - MAIN LIBRARY NILE UNIVERSITY OF NIGERIA - MAIN LIBRARY 04/23/2025 0005888 04/23/2025 Books